000 01087nam a2200289 i 4500
003 CO-CtgCURN
005 20250331184419.0
007 ta
007 ta
008 141017s2014 ck fr 000 0 spa d
022 _a2389-7384
040 _aCO-CtgCURN
_bspa
_ccoctgcurn
082 0 4 _a341.765
_bC718s
_221
110 2 _aColombia.
_bRama Judicial del Poder Pb͠lico.
_bConsejo Superior de la Judicatura.
_bSala administrativa.
245 1 0 _aSentencia T 760 - 2008 :
_bderecho a la salud.
260 _aBogotá :
_bCentro de Documentacion Judicial - CENDOJ,
_c2014.
300 _a322 paginas. ;
_c28 cm.
336 _2rdacontent
337 _2rdamedia
_asin mediacion
_bn
338 _2rdacarrier
_avolumen
_bnc
490 1 _aTextos jurídicos ;
_vno.1
650 1 4 _aSalud publica
_zColombia
_vSentencias.
_2LEMB
650 1 4 _aSeguridad social en salud publica
_zColombia
_vSentencias.
_2LEMB
830 0 _aTextos jurídicos (Consejo Superior de la Judicatura) ;
_vno.1.
852 _931200
942 _cBK
_h341.765
_iC718s
_2ddc
999 _c18935
_d18935